| 000 | 00666nam a22002412 4500 | ||
|---|---|---|---|
| 001 | 31362 | ||
| 003 | BD-RjUL | ||
| 005 | 20211209051706.0 | ||
| 008 | 140415s1938 enk 001 0 eng | ||
| 035 | _a(BD-RjUL)31449 | ||
| 040 |
_aDLC _cAFU _dBD-RjUL _beng |
||
| 041 | _aeng | ||
| 082 | 0 | 0 |
_a170 _bTUP 1938 |
| 100 | 1 |
_aTuker, M. A. R. _q(Mildred Anna Rosalie). _995438 |
|
| 245 | 1 | 0 |
_aPast and future of ethics / _cby M.A.R. Tuker. |
| 260 |
_aLondon ; _aNew York : _bOxford university press, _c1938. |
||
| 300 |
_ax, 496 p. ; _c23 cm. |
||
| 504 | _aIncludes index. | ||
| 650 | 0 |
_aEthics. _995439 |
|
| 942 |
_2ddc _cBK |
||
| 999 |
_c31362 _d31362 |
||